Employment, partnership and discrimination law for professional partnerships (Record no. 104012)

MARC details
000 -LEADER
fixed length control field 01074cam a2200253 4500
001 - CONTROL NUMBER
control field L128769
008 - FIXED-LENGTH DATA ELEMENTS--GENERAL INFORMATION
fixed length control field 050214n2005 000 0 eng u
020 ## - INTERNATIONAL STANDARD BOOK NUMBER
International Standard Book Number 1903927463
035 ## - SYSTEM CONTROL NUMBER
System control number (Sirsi) u128769
041 ## - LANGUAGE CODE
Language code of text/sound track or separate title eng
050 ## - LIBRARY OF CONGRESS CALL NUMBER
Classification number 346.51066
100 ## - MAIN ENTRY--PERSONAL NAME
Personal name Davies, James
245 ## - TITLE STATEMENT
Title Employment, partnership and discrimination law for professional partnerships
260 ## - PUBLICATION, DISTRIBUTION, ETC.
Place of publication, distribution, etc. London
Name of publisher, distributor, etc. Legalease
Date of publication, distribution, etc. 2005
300 ## - PHYSICAL DESCRIPTION
Extent xvi, 464p.
Dimensions 23cm.
350 ## - PRICE (NR) (BK AM CF MU VM SE) [OBSOLETE]
Price 60
520 ## - SUMMARY, ETC.
Summary, etc. A practical guide to partnership law and employment and discrimination law aimed at practice managers, HR professionals, managing partners and external legal advisers. Advises on a wide range of human resources issues such as employment contracts, partnership deeds, remuneration and benefits packages. Includes advice on the advantages and disadvantages of a limited liability partnership and comparison with an unlimited partnership.
590 ## - LOCAL NOTE (RLIN)
Local note IKA190505
690 ## - LOCAL SUBJECT ADDED ENTRY--TOPICAL TERM (OCLC, RLIN)
Topical term or geographic name as entry element MANAGEMENT-BUSINESS MANAGEMENT
700 ## - ADDED ENTRY--PERSONAL NAME
Personal name Greenwood, Clive
700 ## - ADDED ENTRY--PERSONAL NAME
Personal name Payne, Fergus
942 ## - ADDED ENTRY ELEMENTS (KOHA)
Suppress in OPAC 0
Holdings
Withdrawn status Lost status Source of classification or shelving scheme Damaged status Not for loan Home library Current library Shelving location Date acquired Cost, normal purchase price Total Checkouts Full call number Barcode Date last seen Copy number Cost, replacement price Price effective from Koha item type
    Dewey Decimal Classification     London London Books 05/05/2005 51.00   346.41066 DAV 30069881 06/08/2019 1 51.00 06/08/2019 Book